000 00715nam a2200205 i 4500
001 101971
003 ES-MaACL
005 20250815121442.0
007 t|
008 051028q19001999sp ||||1| spa d
100 1 _aMéndez Casal, Antonio.
_980146
245 1 0 _aJenaro Pérez Villamil /
_cpor Antonio Méndez Casal.
260 _aMadrid :
_bEdiciones de la Esfinge,
_c[19--?]
300 _a1 lám. ret. biog., 60 p., 4 h., lám. 1-35. ;
_c21 cm.
490 1 _aLa Pintura romántica en España ;
_vI
600 1 7 _aPérez Villaamil, Jenaro,
_d1807-1854
_2embne
_9159080
830 0 3 _aLa pintura romántica en España
_vI
_9232512
852 _aES-MaACL
_jC-4516
_bR.24095
999 _c101971
_d101971